000 00634nam a22002297a 4500
001 00028784
005 20260415095725.0
008 260415b ag ||||| |||| 00| 0 spa d
020 _a9506141126
040 _aAR-CcCEOS
_bspa
_cAR-CcCEOS
041 _aspa
080 _a330.8
090 _bSMI
100 1 _aSmith, Adam,
_d1723-1790
_91051
245 1 4 _aLa riqueza de las naciones III /
_cAdam Smith
250 _a1a ed.
264 _aArgentina :
_bOrbis,
_cc1983.
300 _a262 p. ;
_c24x15 cm.
655 0 _ateorias economicas
_91052
942 _2udc
_cBK
_n0
999 _c28819
_d28819